Busiest UK Airports - Statistics

General Stats
  • This quiz has been taken 176 times
  • The average score is 11 of 40
Answer Stats
Passengers (2017) Airport % Correct
1 78,012,825 Heathrow
98%
2 45,556,899 Gatwick
93%
3 27,826,054 Manchester
89%
4 25,904,450 Stansted
69%
5 15,799,219 Luton
68%
6 13,410,343 Edinburgh
60%
8 9,897,959 Glasgow
60%
7 12,990,303 Birmingham
59%
9 8,293,250 Bristol
53%
12 4,901,157 Liverpool
37%
11 5,300,274 Newcastle
36%
13 4.878,781 East Midlands
29%
20 1,465,227 Cardiff
26%
16 3,090,642 Aberdeen
23%
10 5,836,735 Belfast International
22%
14 4,530,439 London City
22%
15 4,076,616 Leeds Bradford
21%
18 2,069,950 Southampton
21%
17 2,559,846 Belfast City
18%
23 908,750 Exeter
17%
24 874,934 Inverness
17%
22 1,092,391 Southend
16%
28 694,660 Bournemouth
15%
29 528,153 Norwich
15%
21 1,335,559 Doncaster
13%
30 461,300 Newquay
13%
27 696,309 Prestwick
13%
32 193,981 Derry
11%
33 190,936 Humberside
11%
26 797,615 Isle of Man
11%
34 177,248 Kirkwall
11%
25 843,272 Guernsey
10%
19 1,637,763 Jersey
10%
39 59,386 Land's End
10%
38 91,852 St Mary's
10%
36 134,148 Stornoway
10%
31 256,418 Sumburgh
9%
37 130,911 Durham
8%
40 54.760 Alderney
7%
35 170,847 Scatsta
7%
No matching quizzes found
Score Distribution
Percent of People with Each Score
Percentile by Number Answered
Your Score History
You have not taken this quiz